| 000 | 01470nam a2200361 a 4500 | ||
|---|---|---|---|
| 003 | BLK | ||
| 005 | 20230530102338.0 | ||
| 008 | 180412b bul|||||r ||||||| ||bul|| | ||
| 010 | _aKNG00001126000 | ||
| 020 | _a954-05-0306-Х | ||
| 040 | _aBLK | ||
| 041 |
_aBUL _cBUL |
||
| 080 |
_aДекоративни растения. Декоративно градинарство _b635.9 _x(035) _z635.9(035) |
||
| 100 | 1 |
_aДинова, Маргарита Ст. _eпърви автор _9242766 |
|
| 139 |
_aДинова, Маргарита Ст. и др. _bД 62 |
||
| 245 | 1 | 0 |
_aЦветя през пролетта и лятото _bРъководство _cМаргарита Ст. Динова; съавт. Берта Лейбашевна Кременштейн. |
| 257 | _aBGR | ||
| 260 |
_aСофия _bЗемиздат _c1994 |
||
| 300 |
_a187 с. _bс цв. ил. _c20 см |
||
| 380 | _a63 | ||
| 650 | 4 |
_aЦветарство - наръчници и ръководства _9242105 |
|
| 650 | 4 |
_aДекоративни растения - наръчници и ръководства _9242106 |
|
| 653 | _aцветя | ||
| 653 | _aцветарство | ||
| 700 | 1 |
_aКременштейн, Берта Лейбашевна _eсъавт. _9242767 |
|
| 852 |
_aЦб 176004 _bЦб |
||
| 856 | 4 |
_qpdf _u |
|
| 856 | 4 |
_qpdf _u |
|
| 942 |
_cKNG _n0 |
||
| 944 |
_aCR _c15.01.2003 _kГеновева_Генчева |
||
| 944 |
_aED _c17.12.2008 |
||
| 999 |
_c639 _d639 |
||
| 999 | _d639 | ||